<?xml version="1.0" encoding="UTF-8"?><?xml-stylesheet type="text/xsl" href="static/style.xsl"?><OAI-PMH xmlns="http://www.openarchives.org/OAI/2.0/" xmlns:xsi="http://www.w3.org/2001/XMLSchema-instance" xsi:schemaLocation="http://www.openarchives.org/OAI/2.0/ http://www.openarchives.org/OAI/2.0/OAI-PMH.xsd"><responseDate>2026-04-13T03:55:47Z</responseDate><request verb="GetRecord" identifier="oai:www.recercat.cat:10230/48667" metadataPrefix="marc">https://recercat.cat/oai/request</request><GetRecord><record><header><identifier>oai:recercat.cat:10230/48667</identifier><datestamp>2025-12-24T08:58:37Z</datestamp><setSpec>com_2072_6</setSpec><setSpec>col_2072_452952</setSpec></header><metadata><record xmlns="http://www.loc.gov/MARC21/slim" xmlns:dcterms="http://purl.org/dc/terms/" xmlns:xsi="http://www.w3.org/2001/XMLSchema-instance" xmlns:doc="http://www.lyncode.com/xoai" xsi:schemaLocation="http://www.loc.gov/MARC21/slim http://www.loc.gov/standards/marcxml/schema/MARC21slim.xsd">
   <leader>00925njm 22002777a 4500</leader>
   <datafield ind2=" " ind1=" " tag="042">
      <subfield code="a">dc</subfield>
   </datafield>
   <datafield ind2=" " ind1=" " tag="720">
      <subfield code="a">Salagre, Estela</subfield>
      <subfield code="e">author</subfield>
   </datafield>
   <datafield ind2=" " ind1=" " tag="720">
      <subfield code="a">Berge Baquero, Daniel</subfield>
      <subfield code="e">author</subfield>
   </datafield>
   <datafield ind2=" " ind1=" " tag="720">
      <subfield code="a">Bernardo, Miquel</subfield>
      <subfield code="e">author</subfield>
   </datafield>
   <datafield ind2=" " ind1=" " tag="720">
      <subfield code="a">PEPs Group</subfield>
      <subfield code="e">author</subfield>
   </datafield>
   <datafield ind2=" " ind1=" " tag="260">
      <subfield code="c">2021-10-15T07:17:15Z</subfield>
   </datafield>
   <datafield ind2=" " ind1=" " tag="260">
      <subfield code="c">2021-10-15T07:17:15Z</subfield>
   </datafield>
   <datafield ind2=" " ind1=" " tag="260">
      <subfield code="c">2020</subfield>
   </datafield>
   <datafield ind2=" " ind1=" " tag="520">
      <subfield code="a">Being able to predict functional outcomes after First-Episode Psychosis (FEP) is a major goal in psychiatry. Thus, we aimed to identify trajectories of psychosocial functioning in a FEP cohort followed-up for 2 years in order to find premorbid/baseline predictors for each trajectory. Additionally, we explored diagnosis distribution within the different trajectories. A total of 261 adults with FEP were included. Latent class growth analysis identified four distinct trajectories: Mild impairment-Improving trajectory (Mi-I) (38.31% of the sample), Moderate impairment-Stable trajectory (Mo-S) (18.39%), Severe impairment-Improving trajectory (Se-I) (12.26%), and Severe impairment-Stable trajectory (Se-S) (31.03%). Participants in the Mi-I trajectory were more likely to have higher parental socioeconomic status, less severe baseline depressive and negative symptoms, and better premorbid adjustment than individuals in the Se-S trajectory. Participants in the Se-I trajectory were more likely to have better baseline verbal learning and memory and better premorbid adjustment than those in the Se-S trajectory. Lower baseline positive symptoms predicted a Mo-S trajectory vs. Se-S trajectory. Diagnoses of Bipolar disorder and Other psychoses were more prevalent among individuals falling into Mi-I trajectory. Our findings suggest four distinct trajectories of psychosocial functioning after FEP. We also identified social, clinical, and cognitive factors associated with more resilient trajectories, thus providing insights for early interventions targeting psychosocial functioning.</subfield>
   </datafield>
   <datafield tag="653" ind2=" " ind1=" ">
      <subfield code="a">Early intervention</subfield>
   </datafield>
   <datafield tag="653" ind2=" " ind1=" ">
      <subfield code="a">First-episode psychosis</subfield>
   </datafield>
   <datafield tag="653" ind2=" " ind1=" ">
      <subfield code="a">Functional outcomes</subfield>
   </datafield>
   <datafield tag="653" ind2=" " ind1=" ">
      <subfield code="a">Latent class analysis</subfield>
   </datafield>
   <datafield tag="653" ind2=" " ind1=" ">
      <subfield code="a">Neurocognition</subfield>
   </datafield>
   <datafield tag="653" ind2=" " ind1=" ">
      <subfield code="a">Precision medicine</subfield>
   </datafield>
   <datafield tag="653" ind2=" " ind1=" ">
      <subfield code="a">Risk factors</subfield>
   </datafield>
   <datafield ind2="0" ind1="0" tag="245">
      <subfield code="a">Exploring risk and resilient profiles for functional impairment and baseline predictors in a 2-year follow-up first-episode psychosis cohort using latent class growth analysis</subfield>
   </datafield>
</record></metadata></record></GetRecord></OAI-PMH>